<?xml version="1.0" encoding="UTF-8"?>
<record
    xmlns:xsi="http://www.w3.org/2001/XMLSchema-instance"
    xsi:schemaLocation="http://www.loc.gov/MARC21/slim http://www.loc.gov/standards/marcxml/schema/MARC21slim.xsd"
    xmlns="http://www.loc.gov/MARC21/slim">

  <leader>00437nam a22000977a 4500</leader>
  <controlfield tag="008">150720b        xxu||||| |||| 00| 0 eng d</controlfield>
  <datafield tag="010" ind1=" " ind2=" ">
    <subfield code="8">HCCRS ARF:030</subfield>
  </datafield>
  <datafield tag="245" ind1=" " ind2=" ">
    <subfield code="a">HIGH COURT CRIMINAL SESSION NO.68 OF 1974 Uganda Vs 1.Vincent Kagwa 2.John Malinga 3.Joseph Muganga 4.Paul Semakula 5.Wilson Kiwendo 6.Yowana Magambo  7.Yowakimu Akorimari 8.Muyingo Kyigongo</subfield>
  </datafield>
  <datafield tag="260" ind1=" " ind2=" ">
    <subfield code="a">High Court Kampala</subfield>
  </datafield>
  <datafield tag="500" ind1=" " ind2=" ">
    <subfield code="3">Before: Hon. Mr. Ag. Justice J.M.K.Kakooza</subfield>
  </datafield>
  <datafield tag="999" ind1=" " ind2=" ">
    <subfield code="c">7900</subfield>
    <subfield code="d">7900</subfield>
  </datafield>
  <datafield tag="952" ind1=" " ind2=" ">
    <subfield code="0">0</subfield>
    <subfield code="1">0</subfield>
    <subfield code="2">ddc</subfield>
    <subfield code="4">0</subfield>
    <subfield code="6">HCCRS_ARF030</subfield>
    <subfield code="7">0</subfield>
    <subfield code="9">14563</subfield>
    <subfield code="a">ARC</subfield>
    <subfield code="b">ARC</subfield>
    <subfield code="c">ARC</subfield>
    <subfield code="d">2015-07-20</subfield>
    <subfield code="l">0</subfield>
    <subfield code="o">HCCRS ARF:030</subfield>
    <subfield code="p">2958/2015</subfield>
    <subfield code="r">2015-07-20 00:00:00</subfield>
    <subfield code="w">2015-07-20</subfield>
    <subfield code="y">URC</subfield>
    <subfield code="z">Judgement was entered on 5th July 1974</subfield>
  </datafield>
  <datafield tag="952" ind1=" " ind2=" ">
    <subfield code="0">0</subfield>
    <subfield code="1">0</subfield>
    <subfield code="2">ddc</subfield>
    <subfield code="4">0</subfield>
    <subfield code="6">HCCRS_ARF030</subfield>
    <subfield code="7">0</subfield>
    <subfield code="9">14566</subfield>
    <subfield code="a">ARC</subfield>
    <subfield code="b">ARC</subfield>
    <subfield code="c">ARC</subfield>
    <subfield code="d">2015-07-20</subfield>
    <subfield code="l">0</subfield>
    <subfield code="o">HCCRS ARF:030</subfield>
    <subfield code="p">2959/2015</subfield>
    <subfield code="r">2015-07-20 00:00:00</subfield>
    <subfield code="w">2015-07-20</subfield>
    <subfield code="y">URC</subfield>
    <subfield code="z">Judgement was entered on 5th July 1974</subfield>
  </datafield>
</record>
